Administration des hospices et secours de la ville de Bruxelles : comptes moraux de 1877 comptes moraux de 1877
Descripción Física:
392 p. ; 22 cm
MARC
| LEADER | 00000nam a2200000Ia 4500 | ||
|---|---|---|---|
| 001 | 23065 | ||
| 008 | 160829s1878 xx 000 0 cat d | ||
| 080 | |a S-1-324 | ||
| 245 | |a Administration des hospices et secours de la ville de Bruxelles : |b comptes moraux de 1877 | ||
| 260 | |a Bruxelles : |b Imprimerie et Lithographie E. Guyot, |c 1878 | ||
| 300 | |a 392 p. ; |c 22 cm | ||
| 590 | |a Prové de la caixeta de Casa de Caritat, any 1880, núm. 2263 | ||
| 650 | |a Infants |x Protecció, assistència, etc. |x Brusel·les |9 41394 | ||
| 650 | |a Hospicis |x Brusel·les |9 41395 | ||
| 901 | |a Arxiu | ||
| 942 | |n 1 | ||
| 952 | |0 0 |1 0 |4 0 |6 S1324 |7 1 |9 50188 |a Arxiu |b Arxiu |d 2016-12-01 |l 0 |o S-1-324 |p 23065 |r 2016-12-01 00:00:00 |w 2016-12-01 |y ARXIU | ||
| 999 | |c 54030 |d 54030 | ||